|
|
|
|
| LEADER |
000000000a22000000004500 |
| 001 |
001917 |
| 003 |
CIICLA |
| 005 |
20140130092449.0 |
| 007 |
ta |
| 008 |
140130s1980 gt |||f |||| 00| 0 spa d |
| 040 |
|
|
|c cru CIICLA Universidad de Costa Rica
|
| 041 |
0 |
|
|a español
|
| 092 |
0 |
|
|a 333.52 Q72q
|
| 100 |
1 |
|
|a Castellanos Cambranes, Julio
|
| 245 |
1 |
0 |
|a 500 años de lucha por la tierra
|b estudio sobre propiedad rural y reforma agraria en Guatemala
|c Julio Castellanos Cambranes
|
| 260 |
|
|
|a Guatemala
|b FLACSO
|c 1980?-
|
| 300 |
|
|
|a 2 volúmenes
|
| 500 |
|
|
|a La biblioteca posee otro ejemplar con número de inscripción 5221 volúmen 1, 5220 volúmen 2
|
| 650 |
|
4 |
|a TENENCIA DE LA TIERRA
|x HISTORIA
|
| 650 |
|
4 |
|a REFORMA AGRARIA
|
| 650 |
|
4 |
|a CAMPESINOS
|
| 651 |
|
4 |
|a GUATEMALA
|x HISTORIA
|x CONDICIONES SOCIALES
|x ASPECTOS POLITICOS
|
| 942 |
|
|
|2 ddc
|c BK
|
| 999 |
|
|
|c 2805
|d 2805
|